Japan’s Engagement in the Group of Seven

Skupina G-7 je neformálna medzivládna organizácia združujúca do fóra sedem vyspelých štátov na báze západných hodnôt s prevažným vplyvom v globálnej ekonomike a politike. Japonsko je v tomto zoskupení jediným formálnym zástupcom z Ázie. Členské zapojenie Japonska v agendách G-7. Komparatívny prehľa...

Ausführliche Beschreibung

Gespeichert in:
Bibliographische Detailangaben
1. Verfasser: Laš, Lukáš
Weitere Verfasser: Kloza, Lukáš
Format: Buchkapitel
Sprache:Englisch
Schlagworte:
Tags: Tag hinzufügen
Keine Tags, Fügen Sie das erste Tag hinzu!

MARC

LEADER 00000nla a2200000 4500
001 0246007
005 20240417075140.5
041 0 |a eng 
044 |a SK 
245 1 0 |a Japan’s Engagement in the Group of Seven  |c Lukáš Laš, Lukáš Kloza 
520 |a Skupina G-7 je neformálna medzivládna organizácia združujúca do fóra sedem vyspelých štátov na báze západných hodnôt s prevažným vplyvom v globálnej ekonomike a politike. Japonsko je v tomto zoskupení jediným formálnym zástupcom z Ázie. Členské zapojenie Japonska v agendách G-7. Komparatívny prehľad vybraných ukazovateľov štátov G-7. Ciele japonskej zahraničnej politiky a jej úlohy v programoch G-7. Teoretické pohľady na medzinárodné organizácie a skupinu G-7 a prehľad cieľov zahraničnej politiky Japonska v agendách G-7 a rolí, ktoré Tokio zastupuje v súlade s týmito cieľmi. 
610 2 0 |a politika medzinárodná 
610 2 0 |a krajiny vyspelé 
610 2 0 |a spolupráca hospodárska medzinárodná 
610 2 0 |a Japonsko 
610 2 0 |a diplomacia 
100 1 |a Laš, Lukáš 
700 1 |a Kloza, Lukáš